|
|
|
|
| LEADER |
00000nta a2200000 i 4500 |
| 001 |
dolg19546 |
| 005 |
20181214085054.0 |
| 008 |
181214suuuu hu om 000 hun d |
| 040 |
|
|
|a BGE Dolgozattár Repozitórium
|b hun
|
| 041 |
|
|
|a hu
|
| 100 |
1 |
|
|a Velő Norbert
|
| 245 |
1 |
0 |
|a Tárgyi eszközök könyvvizsgálatának bemutatása egy konkrét példa alapján
|c Velő Norbert
|h [elektronikus dokumentum]
|
| 246 |
1 |
1 |
|a Tárgyi eszközök könyvvizsgálatának bemutatása egy konkrét példa alapján
|
| 695 |
|
|
|a Tárgyi Eszközök
|
| 695 |
|
|
|a könyvvizsgálat
|
| 700 |
1 |
|
|a Simon Dr. Szilvia
|e ths
|
| 700 |
1 |
|
|a Répássy Márton
|e ths
|
| 856 |
4 |
0 |
|u http://dolgozattar.uni-bge.hu/19546/1/dolgozattarba.pdf
|z Dokumentum-elérés
|